Chiêm bao thấy núi [song ngữ] = J'ai rêvé d'une montagne
Guardat en:
| Autor principal: | |
|---|---|
| Format: | Llibre |
| Idioma: | Undetermined |
| Publicat: |
Hà Nội
Giáo Dục
2006
|
| Matèries: | |
| Etiquetes: |
Afegir etiqueta
Sense etiquetes, Sigues el primer a etiquetar aquest registre!
|
| Thư viện lưu trữ: | Trung tâm Học liệu Trường Đại học Cần Thơ |
|---|
| LEADER | 00589nam a2200205Ia 4500 | ||
|---|---|---|---|
| 001 | CTU_130868 | ||
| 008 | 210402s9999 xx 000 0 und d | ||
| 082 | |a 895.922301 | ||
| 082 | |b L105 | ||
| 100 | |a Lý, Lan | ||
| 245 | 0 | |a Chiêm bao thấy núi [song ngữ] = | |
| 245 | 0 | |b J'ai rêvé d'une montagne | |
| 245 | 0 | |c Lý Lan; Marina Prevot biên dịch | |
| 260 | |a Hà Nội | ||
| 260 | |b Giáo Dục | ||
| 260 | |c 2006 | ||
| 650 | |a Short stories, vietnamese | ||
| 650 | |y 21st century | ||
| 904 | |i Minh | ||
| 980 | |a Trung tâm Học liệu Trường Đại học Cần Thơ | ||